| 000 | 00850nam a2200301Ia 4500 | ||
|---|---|---|---|
| 003 | OSt | ||
| 005 | 20221006144320.0 | ||
| 006 | a|||||r|||| 00| 0 | ||
| 007 | ta | ||
| 008 | 221006b |||||||| |||| 00| 0 eng d | ||
| 024 | _a11,409 | ||
| 037 | _cTextual | ||
| 040 |
_aEASL _cEASL _beng |
||
| 041 |
_2eng _aeng |
||
| 082 | _aU8.41.N4, H6 | ||
| 100 | _aYUTANG Lin | ||
| 245 | 0 | _aVigil of a nation | |
| 260 |
_aLondon _bWilliam Heinemann _c1946 |
||
| 300 |
_a324p. _ccm. |
||
| 490 | _v CEL | ||
| 650 |
_a China - Chungking _9651590 |
||
| 650 |
_a China - Pandas widows and Literary Femaine _9651591 |
||
| 650 |
_a China - Ships and Machines _9651592 |
||
| 650 |
_a China - The Nation Leaders _9651593 |
||
| 650 |
_aChina - Flight _9651594 |
||
| 942 |
_hU8.41.N4, H6 _cTEXL _2CC |
||
| 999 |
_c1079495 _d1079495 |
||